|
|
|
|
| LEADER |
01081nam a2200253 i 4500 |
| 001 |
c000255065 |
| 003 |
CARM |
| 005 |
00000000000000.0 |
| 008 |
841019s1973 pp 0 eng d |
| 019 |
1 |
|
|a 3643309
|5 LACONCORD2021
|
| 035 |
|
|
|a (OCoLC)26063784
|5 LACONCORD2021
|
| 082 |
0 |
4 |
|a 363.220995
|
| 100 |
1 |
|
|a Hutton, M. A.
|
| 245 |
1 |
0 |
|a Job satisfaction amongst Papua New Guinean policemen /
|c by M.A. Hutton.
|
| 260 |
|
|
|a Konedobu, P.N.G. :
|b Psychological Services Branch, Dept. of the Public Service Board ,
|c 1973.
|
| 300 |
|
|
|a 56 p.
|
| 490 |
1 |
|
|a Papua New Guinea. Psychological Services Branch. Research report ;
|v no.8
|
| 500 |
|
|
|a Bibliography: p.50-56.
|
| 650 |
|
0 |
|a Police
|z Papua New Guinea.
|
| 650 |
|
0 |
|a Job satisfaction
|z Papua New Guinea.
|
| 830 |
|
0 |
|a Research report (Papua New Guinea. Psychological Services Branch) ;
|v no.8.
|
| 852 |
8 |
|
|b CARM
|h A1:AQ25C0
|i F01878
|p 0370162
|f BK
|
| 999 |
f |
f |
|i 2eba943e-4f79-5fc6-9219-818dea44edca
|s 477f6acd-b89f-512d-8acf-d9545e72cc58
|
| 952 |
f |
f |
|p Can circulate
|a CAVAL
|b CAVAL
|c CAVAL
|d CARM 1 Store
|e F01878
|f A1:AQ25C0
|h Other scheme
|i book
|m 0370162
|